Sports Quiz

Random Sports or Celebrity Quiz

NBA Celebrity All Star Game Lineup 2017 Quiz Stats

Quiz not verified by Sporcle

Also try: Atlantic 10
Challenge
Share
Tweet
Embed
Score 0/24 Timer 10:00
0 Plays Today
Team Player % Correct
EastJason Williams
48.8%
EastBrandon Armstrong
46.5%
EastNick Cannon
37.2%
WestMark Cuban
37.2%
WestBaron Davis
37.2%
WestCandace Parker
27.9%
EastWin Butler
25.6%
WestMaster P
25.6%
WestRomeo Miller
23.3%
EastKris Wu
20.9%
EastRachel DeMita
18.6%
WestMiles Brown
18.6%
Team Player % Correct
EastOscar Schmidt
16.3%
EastLindsay Whalen
14%
WestAndy Grammer
14%
WestAnthony Mackie
14%
EastAnsel Elgort
11.6%
EastMarc Lasry
11.6%
EastCaleb McLaughlin
11.6%
EastPeter Rosenberg
11.6%
WestJiang Jinfu
11.6%
WestAarón Sanchez
11.6%
WestHasan Minhaj
9.3%
WestTom Cavanagh
4.7%

You're not logged in!

Compare scores with friends on all Sporcle quizzes.
Join for Free
OR
Log In

You Might Also Like...

Show Comments

Extras

Top Quizzes Today


Score Distribution

Your Account Isn't Verified!

In order to create a playlist on Sporcle, you need to verify the email address you used during registration. Go to your Sporcle Settings to finish the process.

Report this User

Report this user for behavior that violates our Community Guidelines.

Details: